| 000 -LEADER |
| fixed length control field |
02278cam a22003734a 4500 |
| 001 - CONTROL NUMBER |
| control field |
15601721 |
| 003 - CONTROL NUMBER IDENTIFIER |
| control field |
NUST |
| 005 - DATE AND TIME OF LATEST TRANSACTION |
| control field |
20221006111432.0 |
| 008 - FIXED-LENGTH DATA ELEMENTS--GENERAL INFORMATION |
| fixed length control field |
090122s2009 enkaf b 001 0 eng |
| 010 ## - LIBRARY OF CONGRESS CONTROL NUMBER |
| LC control number |
2009002688 |
| 015 ## - NATIONAL BIBLIOGRAPHY NUMBER |
| National bibliography number |
GBA910065 |
| Source |
bnb |
| 016 7# - NATIONAL BIBLIOGRAPHIC AGENCY CONTROL NUMBER |
| Record control number |
101494168 |
| Source |
DNLM |
| 016 7# - NATIONAL BIBLIOGRAPHIC AGENCY CONTROL NUMBER |
| Record control number |
014894340 |
| Source |
Uk |
| 020 ## - INTERNATIONAL STANDARD BOOK NUMBER |
| International Standard Book Number |
9780521888950 (hardback : alk. paper) |
| 020 ## - INTERNATIONAL STANDARD BOOK NUMBER |
| International Standard Book Number |
0521888956 (hardback : alk. paper) |
| 035 ## - SYSTEM CONTROL NUMBER |
| System control number |
(OCoLC)ocn286431045 |
| 040 ## - CATALOGING SOURCE |
| Original cataloging agency |
DNLM/DLC |
| Transcribing agency |
DLC |
| Modifying agency |
NLM |
| -- |
BTCTA |
| -- |
YDXCP |
| -- |
UKM |
| -- |
CDX |
| -- |
C#P |
| -- |
BWX |
| -- |
DLC |
| 042 ## - AUTHENTICATION CODE |
| Authentication code |
pcc |
| 050 00 - LIBRARY OF CONGRESS CALL NUMBER |
| Classification number |
QP551.5 |
| Item number |
.Z53 2009 |
| 082 00 - DEWEY DECIMAL CLASSIFICATION NUMBER |
| Classification number |
572.64, ZHA |
| Edition number |
22 |
| 100 1# - MAIN ENTRY--PERSONAL NAME |
| Personal name |
Zhang, Aidong, |
| Dates associated with a name |
1961- |
| 9 (RLIN) |
99246 |
| 245 10 - TITLE STATEMENT |
| Title |
Protein interaction networks : |
| Remainder of title |
computational analysis / |
| Statement of responsibility, etc. |
Aidong Zhang. |
| 260 ## - PUBLICATION, DISTRIBUTION, ETC. |
| Place of publication, distribution, etc. |
Cambridge ; |
| -- |
New York : |
| Name of publisher, distributor, etc. |
Cambridge University Press, |
| Date of publication, distribution, etc. |
2009. |
| 300 ## - PHYSICAL DESCRIPTION |
| Extent |
xiv, 278 p., [8] p. of plates : |
| Other physical details |
ill. (some col.) ; |
| Dimensions |
26 cm. |
| 505 0# - FORMATTED CONTENTS NOTE |
| Formatted contents note |
Introduction (Page-1),Experimental approaches to generation of PPI data (Page-11),Computational methods for the prediction of PPIs (Page-21),Basic properties and measurements of protein interaction networks (Page-33),Modularity analysis of protein interaction networks (Page-50),Topological analysis of protein interaction networks / with Woo-chang Hwang (Page-63), Distance-based modularity analysis (Page-109), Graph-theoretic approaches to modularity analysis (Page-130),Flow-based analysis of protein interaction networks (Page-152),Statistics and machine learning based analysis of protein interaction networks / with Pritam Chanda and Lei Shi (Page-199),Integration of GO into the analysis of protein interaction networks / with Young-rae Cho (Page-216),Data fusion in the analysis of protein interaction networks (Page-243). |
| 650 #0 - SUBJECT ADDED ENTRY--TOPICAL TERM |
| Topical term or geographic name entry element |
Protein-protein interactions |
| General subdivision |
Data processing. |
| 9 (RLIN) |
99247 |
| 650 #0 - SUBJECT ADDED ENTRY--TOPICAL TERM |
| Topical term or geographic name entry element |
Protein-protein interactions |
| General subdivision |
Mathematical models. |
| 9 (RLIN) |
99248 |
| 650 12 - SUBJECT ADDED ENTRY--TOPICAL TERM |
| Topical term or geographic name entry element |
Protein Binding |
| General subdivision |
physiology. |
| 9 (RLIN) |
99249 |
| 650 12 - SUBJECT ADDED ENTRY--TOPICAL TERM |
| Topical term or geographic name entry element |
Protein Interaction Mapping |
| General subdivision |
methods. |
| 9 (RLIN) |
99250 |
| 650 22 - SUBJECT ADDED ENTRY--TOPICAL TERM |
| Topical term or geographic name entry element |
Computational Biology |
| General subdivision |
methods. |
| 9 (RLIN) |
21335 |
| 906 ## - LOCAL DATA ELEMENT F, LDF (RLIN) |
| a |
7 |
| b |
cbc |
| c |
orignew |
| d |
1 |
| e |
ecip |
| f |
20 |
| g |
y-gencatlg |
| 942 ## - ADDED ENTRY ELEMENTS (KOHA) |
| Source of classification or shelving scheme |
|
| Koha item type |
Book |